000 00607nam a2200217 i 4500
001 bg
100 1 _aSYLWESTRZAK, Hubert.
_d(1933-2009).
245 1 0 _aGalena :
_bminerał ołowiu i kruszec ołowiu i srebra /
_cHubert Sylwestrzak.
260 _aWarszawa :
_bPańst. Instytut Geologiczny,
_c1998.
300 _a13 s. :
_brys. ;
_c19 cm.
490 1 _aMinerały ;
_vz. 19
650 9 _aMinerały
830 0 _aMinerały ;
_vz. 19
020 _a8386986271
040 _cBPK
041 0 _apl
080 _a553:549
920 _a83-86986-27-1
942 _cKS
008 s pl f |000 0 pol
999 _c33957
_d33957
856 _uhttp://koha.tu.koszalin.pl/cgi-bin/koha/opac-detail.pl?biblionumber=33957
_yKatalog online BPK